Business research methods / (Record no. 1925)
[ view plain ]
| 000 -LEADER | |
|---|---|
| fixed length control field | 00720cam a22002292 4500 |
| 001 - CONTROL NUMBER | |
| control field | 0000001695 |
| 005 - DATE AND TIME OF LATEST TRANSACTION | |
| control field | 20151217145725.0 |
| 008 - FIXED-LENGTH DATA ELEMENTS--GENERAL INFORMATION | |
| fixed length control field | 070322s xx 000 0 eng d |
| 040 ## - CATALOGING SOURCE | |
| Original cataloging agency | KABU |
| Transcribing agency | KABU |
| 050 #0 - LIBRARY OF CONGRESS CALL NUMBER | |
| Classification number | HD30.4 |
| Item number | .C66 2003 |
| 100 1# - MAIN ENTRY--PERSONAL NAME | |
| Personal name | Cooper, Donald R. |
| -- | 0000150652 |
| 245 10 - TITLE STATEMENT | |
| Title | Business research methods / |
| Statement of responsibility, etc. | D. R. Cooper, P. S. Schindler. |
| 250 ## - EDITION STATEMENT | |
| Edition statement | 8th ed. |
| 260 ## - PUBLICATION, DISTRIBUTION, ETC. (IMPRINT) | |
| Place of publication, distribution, etc. | New Delhi : |
| Name of publisher, distributor, etc. | Tata McGraw-Hill, |
| Date of publication, distribution, etc. | 2003. |
| 300 ## - PHYSICAL DESCRIPTION | |
| Extent | xix, 857 p. |
| 650 #0 - SUBJECT ADDED ENTRY--TOPICAL TERM | |
| Topical term or geographic name as entry element | Business. |
| General subdivision | Research |
| -- | Methodology. |
| -- | 0000150653 |
| 650 #0 - SUBJECT ADDED ENTRY--TOPICAL TERM | |
| Topical term or geographic name as entry element | Industrial management |
| General subdivision | Research. |
| -- | 0000150654 |
| 700 1# - ADDED ENTRY--PERSONAL NAME | |
| Personal name | Schindler, P. S. |
| -- | 0000150655 |
| 908 ## - PUT COMMAND PARAMETER (RLIN) | |
| Put command parameter | 070322 |
| 950 ## - LOCAL HOLDINGS (RLIN) | |
| -- | 1 |
| Withdrawn status | Lost status | Source of classification or shelving scheme | Not for loan | Home library | Current library | Date acquired | Total Checkouts | Total Renewals | Full call number | Barcode | Date last seen | Date last checked out | Price effective from | Koha item type |
|---|---|---|---|---|---|---|---|---|---|---|---|---|---|---|
| Library of Congress Classification | Kabarak, Main Campus | Kabarak, Main Campus | 17/12/2015 | 6 | 1 | HD30.4 .C66 2003 | 002384 | 02/08/2024 | 01/02/2022 | 17/12/2015 | General Collection |